| 000 | 00634nam a2200181 4500 | ||
|---|---|---|---|
| 999 |
_c189704 _d189704 |
||
| 005 | 20220711151021.0 | ||
| 010 | _aENG-133461 | ||
| 020 |
_a9788178235493 _c200.00 |
||
| 035 | _aEN-116993 | ||
| 037 | _bDBAD/PUB | ||
| 082 | _a294.5092 | ||
| 245 |
_a Swami Brahmananda as we saw him: _bReminiscences of Monastic and Lay Devotees/ _cEdited by Atmashraddhananda |
||
| 260 |
_aChennai - 4 _bAdhyaksha Shri Ramakrishna Math _c2010 |
||
| 270 |
_aShri Ramakrishna Math, Mylapore _bChennai - 4 _e600004 |
||
| 300 |
_axii,588p. _c22cm(hb) _bGlossary |
||
| 700 | _aed. by Atmashraddhananda | ||
| 942 |
_2ddc _cEN _h294.5092 _mSWA |
||